| 000 | 00394nam a22001817a 4500 | ||
|---|---|---|---|
| 999 |
_c54290 _d54290 |
||
| 003 | OSt | ||
| 005 | 20260410143123.0 | ||
| 008 | 260410b ||||| |||| 00| 0 eng d | ||
| 020 | _a9789325974111 | ||
| 040 | _cMUIT | ||
| 082 | _a658 | ||
| 100 | _aSRIVASTAVA MALLIKA | ||
| 245 | _aCUSTOMER RELATIONSHIP MANAGEMENT | ||
| 250 | _a1 | ||
| 260 |
_aNOIDA _bVIKAS |
||
| 300 | _a347 | ||
| 942 | _cBK | ||